| 000 | 01026cam a22003011i 4500 | ||
|---|---|---|---|
| 001 | gs 06000396 | ||
| 003 | DLC | ||
| 005 | 20260227111303.0 | ||
| 008 | 790223s1905 dcuabf f001 0 eng | ||
| 010 | _ags 06000396 | ||
| 035 | _a(OCoLC)4684612 | ||
| 040 |
_aDLC _cICharE _dDLC |
||
| 042 | _apremarc | ||
| 043 | _an-us-wi | ||
| 050 | 0 | 0 |
_aQE75 _b.B9 no. 273 |
| 051 |
_aQE179 _b.A35 _cCopy 2. |
||
| 100 | 1 |
_aAlden, William C. _q(William Clinton), _d1871- |
|
| 245 | 1 | 4 |
_aThe drumlins of southeastern Wisconsin (preliminary paper) / _cby William C. Alden. |
| 260 |
_aWashington, _bGovt. Print. Off., _c1905. |
||
| 300 |
_a46, iii p. : _bix pl. (incl. fold. map) diagrs.; _c24 cm. |
||
| 490 | 1 |
_aU.S. Geological survey. Bulletin _vno. 273 |
|
| 500 | _aSubject series: B, Descriptive geology, 76. | ||
| 500 | _aIssued also as House doc. no. 206, 59th Cong., 1st sess. | ||
| 500 | _aIncludes index. | ||
| 650 | 0 | _aDrumlins. | |
| 650 | 0 |
_aGeology _zWisconsin. |
|
| 810 | 2 |
_aGeological Survey (U.S.). _tBulletin ; _vno. 273. |
|
| 999 |
_c24423 _d24423 |
||